Statistics for NFL's Greatest Franchises

Click here to take the quiz!

General Stats

  • This quiz has been taken 288 times
    (258 since last reset)
  • The average score is 27 of 32

Answer Stats

#Answer% Correct
2Pittsburgh Steelers
97%
1Green Bay Packers
95%
3New England Patriots
95%
7Dallas Cowboys
92%
32Houston Texans
90%
8San Francisco 49ers
90%
23Cleveland Browns
89%
30Jacksonville Jaguars
88%
11Chicago Bears
87%
4New York Giants
87%
28New York Jets
87%
16Kansas City Chiefs
86%
29Los Angeles Rams
86%
9Miami Dolphins
86%
13Seattle Seahawks
86%
6Denver Broncos
85%
31Detroit Lions
85%
14Minnesota Vikings
85%
5Oakland Raiders
85%
19Philadelphia Eagles
85%
15Baltimore Ravens
84%
26Los Angeles Chargers
84%
27Cincinnati Bengals
83%
18Indianapolis Colts
83%
10Buffalo Bills
82%
20New Orleans Saints
82%
12Washington Redskins
82%
25Tennessee Titans
81%
21Arizona Cardinals
80%
24Atlanta Falcons
80%
22Carolina Panthers
80%
17Tampa Bay Buccaneers
78%

Score Distribution

Percentile by Number Answered

Percent of People with Each Score

Your Score History

You have not taken this quiz since the last reset